Dispensario antituberculoso central de Santa Cruz de Tenerife. (Record no. 57120)

MARC details
000 -LEADER
campo de control de longitud fija 00485nam a2200145 i 4500
001 - NÚMERO DE CONTROL
campo de control 57120
003 - IDENTIFICADOR DE NÚMERO DE CONTROL
campo de control ES-MaACL
007 - CAMPO FIJO DE DESCRIPCIÓN FÍSICA--INFORMACIÓN GENERAL
campo de control de longitud fija t|
008 - DATOS DE LONGITUD FIJA--INFORMACIÓN GENERAL
campo de control de longitud fija 031015s1935 sp ||||1| spa d
245 00 - MENCIÓN DEL TÍTULO
Título Dispensario antituberculoso central de Santa Cruz de Tenerife.
260 ## - PUBLICACIÓN, DISTRIBUCIÓN, ETC.
Lugar de publicación, distribución, etc. Santa Cruz de Tenerife :
Nombre del editor, distribuidor, etc. Lucha Antituberculosa de España,
Fecha de publicación, distribución, etc. 1935 (
Fabricante Tip. Católica)
300 ## - DESCRIPCIÓN FÍSICA
Extensión 92 p., 8 lám. :
Otras características físicas il. ;
Dimensiones 23 cm.
505 8# - NOTA DE CONTENIDO CON FORMATO
Nota de contenido con formato Contiene: V. I: Abril 1933-Diciembre 1934
852 ## - LOCALIZACIÓN
Ubicación ES-MaACL
Número de control de estantería C-7047
Holdings
Estatus retirado Estado de pérdida Estado de daño No para préstamo Biblioteca de origen Biblioteca actual Ubicación en estantería Fecha de adquisición Fuente de adquisición Total de préstamos Signatura topográfica completa Código de barras Visto por última vez Precio de reemplazo Tipo de ítem Koha
        Biblioteca del Ateneo de Madrid Biblioteca del Ateneo de Madrid Sala Palomar 17/01/2008     C-7047 1059975 23/02/2023 23/02/2023 Libro impreso